第27回参院選に候補者を擁立した政党 - Statistics

General Stats
  • This quiz has been taken 104 times
  • The average score is 14 of 27
Answer Stats
政党名 % Correct
自由民主党
99%
立憲民主党
99%
国民民主党
96%
参政党
94%
日本共産党
94%
日本維新の会
94%
公明党
91%
社会民主党
91%
日本保守党(百田尚樹)
85%
日本保守党(石濱哲信)
85%
れいわ新選組
79%
チームみらい
76%
NHK党
67%
再生の道
45%
みんなでつくる党
36%
減税日本
27%
無所属連合
25%
新党くにもり
15%
日本改革党
13%
核融合党
13%
日本誠信会
8%
新党やまと
6%
救世主作る党
5%
日本の家庭を守る会
4%
世界平和党
2%
西郷党
2%
税金とうめい化の党
2%
No matching quizzes found
Score Distribution
Percent of People with Each Score
Percentile by Number Answered
Your Score History
You have not taken this quiz